000 00428nam a2200169Ia 4500
008 230524s9999 xx 000 0 und d
020 _a8121924871
082 _a333.7
_bALK
100 _aH.L.Ahuja
245 0 _aEconomic Environment of Business: Macroeconomic Analysis
250 _a2ND
260 _aNEW DELHI
_bS.Chand
_c2010
300 _aXVI;693
500 _aQuantity Number: 15
650 _aEconomics
942 _cBK
999 _c49143
_d49143